000 00398nam a22001697a 4500
003 MPLRDC
005 20220104143443.0
008 210129b ||||| |||| 00| 0 eng d
082 _a177 YSY
100 _a杨宗义,邱曼君编著
245 _a通俗心理学
_c
250 _a一版一刷
260 _a
_b四川人民出版社
_c1983
300 _b
650 _a
942 _cBK
_o177 YSY
999 _c40074
_d40064